| 000 | 00956nam a2200325 a 4500 | ||
|---|---|---|---|
| 001 | 4475301 | ||
| 003 | OSt | ||
| 005 | 20140310184338.0 | ||
| 008 | 960118s1995 nyu j 000 1 eng | ||
| 010 | _a 96104033 | ||
| 020 | _a9780439594318 | ||
| 040 |
_aDLC _cDLC |
||
| 042 | _alcac | ||
| 050 | 0 | 0 |
_aPZ 8.3 _b.P125Im 2003 |
| 100 | 1 |
_aPackard, Mary. _96565 |
|
| 245 | 1 | 0 |
_aI'm a fire fighter / _cMary Packard ; illustrated by Julie Durrell. |
| 260 |
_aNew York : _bScholastic, _c2003. |
||
| 300 |
_c23 cm. _bill. ; |
||
| 440 | 0 |
_aMy first hello reader! _924230 |
|
| 521 | _aG1 | ||
| 526 | _c130 | ||
| 650 | 1 |
_aFire fighters _xFiction. _924268 |
|
| 650 | 1 |
_aImagination _xFiction. _924269 |
|
| 650 | 1 |
_aStories in rhyme. _95554 |
|
| 700 | 1 |
_aDurrell, Julie, _eill. _924270 |
|
| 906 |
_a7 _bcbc _corignew _d3 _encip _f19 _gy-gencatlg |
||
| 942 |
_2lcc _cBK-SCHOLAS |
||
| 999 |
_c33770 _d33770 |
||